<?xml version="1.0" encoding="UTF-8"?>
<record
    xmlns:xsi="http://www.w3.org/2001/XMLSchema-instance"
    xsi:schemaLocation="http://www.loc.gov/MARC21/slim http://www.loc.gov/standards/marcxml/schema/MARC21slim.xsd"
    xmlns="http://www.loc.gov/MARC21/slim">

  <leader>01268    a2200217   4500</leader>
  <controlfield tag="001">28040</controlfield>
  <controlfield tag="005">20260407155552.0</controlfield>
  <controlfield tag="008">260407a1975    arg                 spa d</controlfield>
  <controlfield tag="003">AR-UNSa-BCEJYS</controlfield>
  <datafield tag="040" ind1=" " ind2=" ">
    <subfield code="a">AR-UNSa-BCEJYS</subfield>
    <subfield code="b">spa</subfield>
    <subfield code="c">AR-UNSa-BCEJYS</subfield>
  </datafield>
  <datafield tag="080" ind1=" " ind2=" ">
    <subfield code="a">343.13</subfield>
    <subfield code="x">Procedimiento penal. Derecho procesal penal </subfield>
  </datafield>
  <datafield tag="245" ind1="1" ind2="0">
    <subfield code="a">Manual de derecho procesal penal</subfield>
    <subfield code="p">doctrina, legislaci&#xF3;n y jurisprudencia</subfield>
  </datafield>
  <datafield tag="250" ind1=" " ind2=" ">
    <subfield code="a">3a. ed.</subfield>
  </datafield>
  <datafield tag="264" ind1=" " ind2="1">
    <subfield code="a">Buenos Aires :</subfield>
    <subfield code="b">Plus Ultra</subfield>
    <subfield code="c">1975</subfield>
  </datafield>
  <datafield tag="300" ind1=" " ind2=" ">
    <subfield code="a">478 p.</subfield>
    <subfield code="c">23 cm.</subfield>
  </datafield>
  <datafield tag="505" ind1=" " ind2=" ">
    <subfield code="a">1.Principios generales &#x2013; 2. Fuentes del derecho procesal &#x2013; 3. Otras fuentes del derecho procesal &#x2013; 4. Las formas procesales &#x2013; 5. Normas procesales &#x2013; 6. La acci&#xF3;n &#x2013; 7. Jurisdicci&#xF3;n y competencia &#x2013; 8. El proceso &#x2013; 9. Organizaci&#xF3;n judicial &#x2013; 10. Magistratura &#x2013; 11. Capacidad procesal de los &#xF3;rganos jurisdiccionales &#x2013; 12. El tiempo en el derecho procesal &#x2013; 13. Situaci&#xF3;n jur&#xED;dica del imputado &#x2013; 14. La instrucci&#xF3;n del sumario &#x2013; 15. La prueba &#x2013; 16. El juicio &#x2013; 17. Recursos y procedimientos en segunda instancia &#x2013; 18. Procedimientos especiales &#x2013; 19. Juicio penal militar y juicios econ&#xF3;micos. </subfield>
  </datafield>
  <datafield tag="041" ind1=" " ind2=" ">
    <subfield code="a">spa</subfield>
  </datafield>
  <datafield tag="942" ind1=" " ind2=" ">
    <subfield code="c">BK</subfield>
  </datafield>
  <datafield tag="590" ind1=" " ind2=" ">
    <subfield code="a">niveau_biblio:m niveau_hierar:0</subfield>
  </datafield>
  <datafield tag="100" ind1="1" ind2=" ">
    <subfield code="a">Levene, Ricardo (h)</subfield>
  </datafield>
  <datafield tag="999" ind1=" " ind2=" ">
    <subfield code="c">1640</subfield>
    <subfield code="d">1640</subfield>
  </datafield>
  <datafield tag="952" ind1=" " ind2=" ">
    <subfield code="0">0</subfield>
    <subfield code="1">0</subfield>
    <subfield code="4">0</subfield>
    <subfield code="7">0</subfield>
    <subfield code="a">BCEJYS</subfield>
    <subfield code="b">BCEJYS</subfield>
    <subfield code="c">16</subfield>
    <subfield code="d">2026-04-07</subfield>
    <subfield code="l">0</subfield>
    <subfield code="o">343.13 L657 3ed.</subfield>
    <subfield code="p">L53452</subfield>
    <subfield code="r">2026-04-07 15:55:52</subfield>
    <subfield code="w">2026-04-07</subfield>
    <subfield code="y">L</subfield>
  </datafield>
  <datafield tag="952" ind1=" " ind2=" ">
    <subfield code="0">0</subfield>
    <subfield code="1">0</subfield>
    <subfield code="4">0</subfield>
    <subfield code="7">0</subfield>
    <subfield code="a">BCEJYS</subfield>
    <subfield code="b">BCEJYS</subfield>
    <subfield code="c">16</subfield>
    <subfield code="d">2026-04-07</subfield>
    <subfield code="l">0</subfield>
    <subfield code="o">343.13 L657 3ed.</subfield>
    <subfield code="p">L53453</subfield>
    <subfield code="r">2026-04-07 15:55:52</subfield>
    <subfield code="w">2026-04-07</subfield>
    <subfield code="y">L</subfield>
  </datafield>
</record>
